000 01074nam a22002537a 4500
005 20170504150102.0
010 _a1617EN ENG-116891
020 _a9780198069188
_c695.00
035 _aB-651516-520
035 _aB-666243
035 _aEN-100423
037 _bPragati
_adpl
037 _bDBAD/PUB
082 _a624.17
100 _aThandavamoorthy , T.S.
245 _aStructural analysis /
_cby T.S.Thandavamoorthy
260 _c2015 (rp)
_aNew Delhi
_bOxford University Press
270 _aYMCA Library Building, 1, Jai Singh Road,
_bNew Delhi
_e110001.
300 _c24cm(pbk)
_axix,1336p.
_bill.
500 _aIncludes bibliographical references and index
942 _cEN
_2ddc
_h624.17
_mTHA
999 _c101903
_d101903